.Glimpses of Ramayan, (Record no. 187042)

MARC details
000 -LEADER
fixed length control field 00618nam a22001937a 4500
005 - DATE AND TIME OF LATEST TRANSACTION
control field 20220328153707.0
010 ## - LCCN (DPL NO)
LC control number ENG-132145
020 ## - INTERNATIONAL STANDARD BOOK NUMBER
International Standard Book Number 9789381987018
Terms of availability 400.00
035 ## - SYSTEM CONTROL NUMBER
System control number EN-115677
037 ## - SOURCE OF ACQUISITION
Source of stock number/acquisition DBAD/PUB
082 ## - DEWEY DECIMAL CLASSIFICATION NUMBER
Classification number 294.5922
100 ## - MAIN ENTRY--PERSONAL NAME
Personal name Chaudhry, B.S.
245 ## - TITLE STATEMENT
Title .Glimpses of Ramayan,
Remainder of title Containing The Story of Lord & His consort in Human Form
Statement of responsibility, etc B.S. Chaudhry
260 ## - PUBLICATION, DISTRIBUTION, ETC. (IMPRINT)
Place of publication, distribution, etc Delhi
Name of publisher, distributor, etc Utility Books
Date of publication, distribution, etc 2022
270 ## - ADDRESS
Address 511/2 , Pandav Road, Vishwas Nagar, Shahdara
City Delhi
Postal code 110032
300 ## - PHYSICAL DESCRIPTION
Extent 143p.
Dimensions 22cm(hbk)
700 ## - ADDED ENTRY--PERSONAL NAME
Personal name Ed.by Chaudhry, S.P.
942 ## - ADDED ENTRY ELEMENTS (KOHA)
Source of classification or shelving scheme Dewey Decimal Classification
Item type English Books
Call number suffix CHA
Classification part 294.5922

No items available.


© Delhi Public Library
Hit Counter
free hit counter